000 00334nam a2200133Ia 4500
008 240624s9999 xx 000 0 und d
041 _aeng
082 _a828 TRI
100 _aBES FERNANDO TRIAS DE
245 _aTIME SELLER A BUSINESS SATIRE
260 _c2007
_aSan Francisco
_bJossey-Bass
300 _a161p. ; 21cm.
365 _c
_b25
999 _c4788
_d4788